All Modern-Day Countries Ever Controlled by Egypt - Statistics

General Stats
  • This quiz has been taken 9,891 times
  • The average score is 28 of 29
Answers on the Map
Answers color-coded by a green-red scale on the quiz's map according to % correct below.
 
Answer Stats
Countries % Correct
Egypt
100%
Algeria
99%
Cyprus
99%
Greece
99%
Israel
99%
Italy
99%
Jordan
99%
Libya
99%
Morocco
99%
Saudi Arabia
99%
South Sudan
99%
Sudan
99%
Syria
99%
Tunisia
99%
Turkey
99%
Yemen
99%
Ethiopia
98%
Iran
98%
Iraq
98%
Lebanon
98%
Somalia
98%
Eritrea
97%
Chad
96%
Malta
96%
Djibouti
95%
D. R. Congo
95%
Central African Republic
93%
Kenya
93%
Uganda
93%
No matching quizzes found
Score Distribution
Percent of People with Each Score
Percentile by Number Answered
Your Score History
You have not taken this quiz